00546nam a2200133Ia 4500020001800000082001900018100007700037245011200114246004700226260004000273300001500313546001100328650007300339 a9788180699962 a320.954bKUM-R aकुमार, ब्रिज बिहारी qKumar, Braj Bihari 0aराष्‍ट्रीय समस्याएँb: चिन्ता एवं चिन्तन aRashtriya samasyayein: chinta avam chintan aNew DelhibConcept Publishingc2014 aviii, 168p aHindi  aPolitics and governmentvSocial conditionsvNational securityzIndia